| 000 | 00438nam a22001817a 4500 | ||
|---|---|---|---|
| 003 | MPLRDC | ||
| 005 | 20220104124354.0 | ||
| 008 | 210129b ||||| |||| 00| 0 eng d | ||
| 082 | _a527.4 WWD | ||
| 100 | _a吴武典主编 | ||
| 245 |
_a学校辅导工作 _c |
||
| 250 | _a六版 | ||
| 260 |
_a _b张老师出版社 _c1987 |
||
| 300 | _b平 | ||
| 490 | _a辅导丛书. 2 | ||
| 650 | _a学校管理--辅导 | ||
| 942 |
_cBK _o527.4 WWD |
||
| 999 |
_c18806 _d18796 |
||